من النقل إلى الإبداع / (Record no. 15607)
[ view plain ]
| 000 -الفاتح | |
|---|---|
| حقل البيانات ثابتة الطول | 01798nam a22003495a 4500 |
| 003 - محدد رقم الضبط | |
| رقم الضبط | EG-ScBUE |
| 005 - وقت وتاريخ اخر تعامل مع التسجيلة | |
| رقم الضبط | 20211005145400.0 |
| 008 - عناصر البيانات ثابتة الطول - معلومات عامة | |
| حقل البيانات ثابتة الطول | 110616k20012000ua a f b 000 0 ara d |
| 017 ## - رقم الإيداع القانونى | |
| رقم الإيداع القانونى | 99/7384 |
| 020 ## - الرقم الدولى المعيارى للكتب | |
| الرقم الدولى المعيارى للكتاب | 9773031691 |
| 040 ## - مصدر الفهرسة | |
| وكالة الفهرسة الأصلية | EG-ScBUE |
| لغة الفهرسة | ara |
| قواعد الوصف | rda |
| وكالة النسخ | EG-ScBUE |
| وكالة التعديل | EG-ScBUE |
| 082 04 - رقم تصنيف ديوى العشرى | |
| رقم التصنيف | 190 |
| رقم المادة | ح ن ف |
| رقم الطبعة | 22 |
| 100 1# - المدخل الرئيسى - إسم شخصى | |
| الإسم الشخصى | حنفي، حسن، |
| الدور | مؤلف. |
| 9 (RLIN) | 16362 |
| 245 10 - بيان العنوان | |
| العنوان | من النقل إلى الإبداع / |
| بيان المسئوليه,etc | حسن حنفي. |
| 264 #1 - النشر، التوزيع | |
| مكان الناشر او الموزع | القاهرة : |
| اسم الناشر او الموزع | دار قباء للطباعة والنشر، |
| تاريخ النشر أو التوزيع | 2001-2000. |
| 300 ## - الوصف المادى | |
| التعداد | 3 مجلدات : |
| تفاصيل ماديه اخرى للوعاء | إيضاحيات ؛ |
| أبعاد الوعاء | 24 سم |
| 336 ## - نوع المحتوى | |
| source | rdacontent |
| Carrier Type Term | نص |
| Content Type Code | txt |
| 337 ## - نوع الوسيط | |
| source | rdamedia |
| Media Type Term | بدون وسيط |
| Media Type Code | n |
| 338 ## - نوع الحامل أو الناقل | |
| source | rdacarrier |
| Carrier Type Term | مجلد |
| Carrier Type Code | nc |
| 504 ## - تبصرة ببليوجرافية | |
| تبصرة ببليوجرافية,الخ | يشتمل على إرجاعات ببليوجرافية. |
| 505 1# - تبصرة محتويات-الفهرس | |
| تبصرة المحتويات المصاغة | مج. 1. النقل. ج. 1، التدوين : (التاريخ - القراءة - الانتحال). ج. 2، النص : (الترجمة - المصطلح - التعليق). ج. 3، الشرح : (التفسير - التلخيص - الجوامع) -- مج. 2. العرض. ج. 1، العرض : (الجزئي والكلي - النسقي - الأدبي) -- مج. 3. الإبداع. ج. 1، تكوين الحكمة : (نقد علم الكلام - الفلسفة والدين - تصنيف العلوم) -- مج. 2. التحول، ج. 3. التراكم |
| 541 ## - تبصرة المصدر المباشر للتزويد | |
| طريقة التزويد | إهداء. |
| 650 #7 - المدخل الاضافى بالموضوع-مصطلح موضوعى | |
| مصطلح موضوعي أو اسم جغرافي كعنصر مدخل | الفلسفة الحديثة. |
| مصدر الرأس أو المصطلح | BUEsh |
| 9 (RLIN) | 16218 |
| 650 #7 - المدخل الاضافى بالموضوع-مصطلح موضوعى | |
| مصطلح موضوعي أو اسم جغرافي كعنصر مدخل | علم الكلام. |
| مصدر الرأس أو المصطلح | BUEsh |
| 9 (RLIN) | 16065 |
| 650 #7 - المدخل الاضافى بالموضوع-مصطلح موضوعى | |
| مصطلح موضوعي أو اسم جغرافي كعنصر مدخل | الفلسفة الإسلامية. |
| مصدر الرأس أو المصطلح | BUEsh |
| 9 (RLIN) | 8794 |
| 650 #7 - المدخل الاضافى بالموضوع-مصطلح موضوعى | |
| مصطلح موضوعي أو اسم جغرافي كعنصر مدخل | الفلسفة |
| التقسيم الفرعي العام | تاريخ. |
| مصدر الرأس أو المصطلح | BUEsh |
| 9 (RLIN) | 16457 |
| 650 #7 - المدخل الاضافى بالموضوع-مصطلح موضوعى | |
| مصطلح موضوعي أو اسم جغرافي كعنصر مدخل | ما وراء الطبيعة ، علم. |
| مصدر الرأس أو المصطلح | BUEsh |
| 9 (RLIN) | 22244 |
| 651 ## - المدخل الاضافى بالموضوع - اسم جغرافى | |
| مصدر الرأس أو المصطلح | BUEsh |
| 653 ## - مصطلح تكشيفى غير مقيد | |
| Resource For college | Generalities |
| Arrived date list | November2011 |
| -- | December2017 |
| 655 ## - مصطلح تكشيفى-نوع/شكل | |
| التقسيم الفرعي الشكلي | Reading book |
| -- | 34232 |
| 942 ## - عناصر المدخل الإضافي( كوها) | |
| مصدر التصنيف او مخطط الترفيف | Dewey Decimal Classification |
| حالة التراجع | حالة الفقد | مصدر التصنيف او خطة الترفيف | حالة تلف | ليس للاعارة | مجموعات كوها | المكان الدائم | المكان الحالي | موقع الترفيف | تاريخ الاكتساب | Source of acquisition | رقم الاستدعاء | الباركود | Date last seen | نوع الوعاء | تبصرة عامة |
|---|---|---|---|---|---|---|---|---|---|---|---|---|---|---|---|
| Dewey Decimal Classification | Alef-Baa | Central Library | Central Library | Lower Floor | 16/06/2011 | Purchase | 190 ح ن ف | 000024187 | 15/07/2025 | Book - Borrowing | مج. 2 | ||||
| Dewey Decimal Classification | Alef-Baa | Central Library | Central Library | Lower Floor | 16/06/2011 | Purchase | 190 ح ن ف | 000024186 | 15/07/2025 | Book - Borrowing | مج. 2 | ||||
| Dewey Decimal Classification | Alef-Baa | Central Library | Central Library | Lower Floor | 16/06/2011 | Purchase | 190 ح ن ف | 000024185 | 15/07/2025 | Book - Borrowing | مج. 3 | ||||
| Dewey Decimal Classification | Alef-Baa | Central Library | Central Library | Lower Floor | 16/06/2011 | Purchase | 190 ح ن ف | 000024184 | 15/07/2025 | Book - Borrowing | مج. 3 | ||||
| Dewey Decimal Classification | Alef-Baa | Central Library | Central Library | Lower Floor | 27/07/2011 | Purchase | 190 ح ن ف | 000024458 | 15/07/2025 | Book - Borrowing | مج. 1، ج. 1 | ||||
| Dewey Decimal Classification | Alef-Baa | Central Library | Central Library | Lower Floor | 28/07/2011 | Purchase | 190 ح ن ف | 000024121 | 15/07/2025 | Book - Borrowing | مج. 1، ج. 1 | ||||
| Dewey Decimal Classification | Alef-Baa | Central Library | Central Library | Lower Floor | 17/11/2011 | Purchase | 190 ح ن ف | 000025652 | 15/07/2025 | Book - Borrowing | مج. 1، ج. 3 | ||||
| Dewey Decimal Classification | Alef-Baa | Central Library | Central Library | Lower Floor | 20/11/2011 | Purchase | 190 ح ن ف | 000025658 | 15/07/2025 | Book - Borrowing | مج. 1، ج. 2 | ||||
| Dewey Decimal Classification | Alef-Baa | Central Library | Central Library | Lower Floor | 20/12/2017 | Purchase | 190 ح ن ف | 000024120 | 15/07/2025 | Book - Borrowing | مج. 3، ج. 1 |